00411nam a2200133Ia 4500020001800000082002300018245008500041260004000126300000800166650002400174650002900198700002900227700002100256 a0-8039-0248-4 aRR 016.301412 WOM- 0aWomen and society : A critical review of the literature with a annotated bibliog aCaliforniabSage Publicationsc1975 a354 aWomenvBibliography aLiteraturevBibliography aRosenberg, Marie barovic aBergstrom, Len V